Till Death Do Us Part. Do Customers Cheat on Brands?

Skúmanie fenoménu duplicitného nákupu v kategóriách piva a nealkoholických nápojov v regióne NUTS2. Korelácia penetrácie značky a priemernej duplikácie naznačuje, že zákazníci menších značiek duplikujú svoje nákupy s väčšími značkami vo väčšej miere ako naopak.

Salvato in:
Dettagli Bibliografici
Autore principale: Klepek, Martin
Altri autori: Toth, Lukas
Natura: Capitolo di libro
Lingua:inglese
Soggetti:
Tags: Aggiungi Tag
Nessun Tag, puoi essere il primo ad aggiungerne!!

MARC

LEADER 00000naa a2200000 4500
001 0304728
005 20241022153222.7
041 0 |a eng 
044 |a CZ 
245 1 0 |a Till Death Do Us Part. Do Customers Cheat on Brands?  |c Martin Klepek, Lukas Toth 
520 |a Skúmanie fenoménu duplicitného nákupu v kategóriách piva a nealkoholických nápojov v regióne NUTS2. Korelácia penetrácie značky a priemernej duplikácie naznačuje, že zákazníci menších značiek duplikujú svoje nákupy s väčšími značkami vo väčšej miere ako naopak. 
610 2 0 |a lojálnosť zákazníkov 
610 2 0 |a značky 
610 2 0 |a konkurencia 
610 2 0 |a nápoje alkoholické 
610 2 0 |a nápoje nealkoholické 
610 2 0 |a rozhodovanie nákupné 
610 2 0 |a správanie spotrebiteľa 
100 1 |a Klepek, Martin 
700 1 |a Toth, Lukas